000 00270nam a2200109Ia 4500
008 230320s9999||||xx |||||||||||||| ||spa||
082 _a869.56/S24
100 _aSassone, Felipe
245 0 _aCancion De Mi Camino (Todos Mis Versos)
260 _bAGUILAR
942 _80
_cLIB
999 _c32413
_d32413